[Event "ROM-chT2"]
[Site "Sovata"]
[Date "1997.??.??"]
[Round "4"]
[White "Crisan, Cristina"]
[Black "Vasiliu, Rodica"]
[Result "1-0"]
[WhiteElo "2075"]
[BlackElo "2060"]
[PlyCount "47"]
[EventDate "1997.10.??"]
[EventType "team-tourn"]
[EventRounds "7"]
[EventCountry "ROU"]
[SourceTitle "EXT 2000"]
[Source "ChessBase"]
[SourceDate "1999.11.16"]
[SourceVersion "1"]
[SourceVersionDate "1999.11.16"]
[SourceQuality "1"]

1. e4 e6 2. d4 d5 3. Nd2 dxe4 4. Nxe4 Bd7 5. Nf3 Bc6 6. Bd3 Be7 7. Qe2 Nf6 8. Nxf6+ Bxf6 9. c3 Nd7 10. 0-0 0-0 11. Bf4 b6 12. Rad1 Bxf3 13. Qxf3 g6 14. Qb7 e5 15. dxe5 Bxe5 16. Bxe5 Nxe5 17. Bxg6 Qg5 18. Bxh7+ Kxh7 19. f4 Qh6 20. fxe5 Qe3+ 21. Kh1 Qxe5 22. Qf3 Rae8 23. Rd5 Qe2 24. Rh5+ 1-0

[Event "ROM-chT2"]
[Site "Sovata"]
[Date "1997.??.??"]
[Round "1"]
[White "Vasiliu, Rodica"]
[Black "Sandu, Mihaela"]
[Result "0-1"]
[WhiteElo "2060"]
[BlackElo "2115"]
[PlyCount "62"]
[EventDate "1997.10.??"]
[EventType "team-tourn"]
[EventRounds "7"]
[EventCountry "ROU"]
[SourceTitle "EXT 2000"]
[Source "ChessBase"]
[SourceDate "1999.11.16"]
[SourceVersion "1"]
[SourceVersionDate "1999.11.16"]
[SourceQuality "1"]

1. d4 Nf6 2. Nf3 g6 3. g3 Bg7 4. Bg2 c5 5. c3 d5 6. 0-0 Na6 7. Ne5 0-0 8. Nd2 cxd4 9. cxd4 Qb6 10. Ndf3 Nb4 11. a3 Nc6 12. e3 a5 13. Nxc6 bxc6 14. Ne5 c5 15. dxc5 Qxc5 16. Nd3 Qb6 17. Re1 Bf5 18. Ne5 Rfd8 19. g4 Be6 20. Qe2 Rac8 21. f4 Nd7 22. Nd3 Qb3 23. h3 d4 24. e4 Bc4 25. Bf1 Nc5 26. Nxc5 Qg3+ 27. Qg2 Qxe1 28. b4 d3 29. Bb2 Qe3+ 30. Kh1 Bxb2 31. Qxb2 d2 0-1

[Event "ROM-chT2"]
[Site "Sovata"]
[Date "1997.??.??"]
[Round "5"]
[White "Vasiliu, Rodica"]
[Black "Smokina, Karolina"]
[Result "0-1"]
[WhiteElo "2060"]
[BlackElo "2205"]
[PlyCount "116"]
[EventDate "1997.10.??"]
[EventType "team-tourn"]
[EventRounds "7"]
[EventCountry "ROU"]
[SourceTitle "EXT 2000"]
[Source "ChessBase"]
[SourceDate "1999.11.16"]
[SourceVersion "1"]
[SourceVersionDate "1999.11.16"]
[SourceQuality "1"]

1. d4 Nf6 2. c4 d6 3. Nf3 Nbd7 4. Nc3 e5 5. d5 a5 6. e4 g6 7. Be2 Bg7 8. 0-0 0-0 9. Ne1 Nc5 10. f3 Nh5 11. Nd3 Nxd3 12. Bxd3 Nf4 13. Bc2 h5 14. Ne2 g5 15. g3 Ng6 16. Be3 g4 17. f4 exf4 18. Nxf4 Nxf4 19. Bxf4 Bxb2 20. Rb1 Bg7 21. Qd2 Qf6 22. Bd3 Qd4+ 23. Kh1 b6 24. Be3 Qc3 25. Be2 Bd7 26. Rb3 Qe5 27. Bf4 Qe7 28. Bd3 a4 29. Rbb1 Rab8 30. Rbe1 Be5 31. Bh6 Rfe8 32. Re2 f6 33. Ref2 Kh7 34. Bf4 Rf8 35. Bh6 Rf7 36. Bf4 Rbf8 37. Qd1 Kg7 38. Be2 Bxf4 39. Rxf4 Qe5 40. h3 f5 41. exf5 Rxf5 42. Rxf5 Rxf5 43. Rxf5 Bxf5 44. hxg4 hxg4 45. Bxg4 Qe4+ 46. Bf3 Qxc4 47. Qa1+ Kf7 48. Qe1 Qd3 49. Bh5+ Kf6 50. Qf2 Qb1+ 51. Kh2 Qc2 52. Be2 Ke5 53. Qf4+ Kxd5 54. Qf3+ Be4 55. Qf7+ Kc6 56. Qf2 d5 57. Qe3 d4 58. Qh6+ Kb7 0-1